Engineering Chemistry: (Record no. 7976)

MARC details
000 -LEADER
fixed length control field 00548nam a22001937a 4500
003 - CONTROL NUMBER IDENTIFIER
control field OSt
005 - DATE AND TIME OF LATEST TRANSACTION
control field 20220812104031.0
008 - FIXED-LENGTH DATA ELEMENTS--GENERAL INFORMATION
fixed length control field 220812b ||||| |||| 00| 0 eng d
020 ## - INTERNATIONAL STANDARD BOOK NUMBER
International Standard Book Number 9781107476417
040 ## - CATALOGING SOURCE
Transcribing agency ddc
082 ## - DEWEY DECIMAL CLASSIFICATION NUMBER
Classification number 620.1 AGA 2015
100 ## - MAIN ENTRY--PERSONAL NAME
Personal name Agarwal, Shikha
9 (RLIN) 16199
245 ## - TITLE STATEMENT
Title Engineering Chemistry:
Remainder of title Fundamentals and Applications.
260 ## - PUBLICATION, DISTRIBUTION, ETC. (IMPRINT)
Place of publication, distribution, etc. Daryaganj:
Name of publisher, distributor, etc. Cambridge university press;
Date of publication, distribution, etc. 2016.
300 ## - PHYSICAL DESCRIPTION
Extent xx,1179p.:
Other physical details ill;
Dimensions 26cm
504 ## - BIBLIOGRAPHY, ETC. NOTE
Bibliography, etc Index included.
650 ## - SUBJECT ADDED ENTRY--TOPICAL TERM
Topical term or geographic name as entry element Engineering Chemistry.
9 (RLIN) 16200
942 ## - ADDED ENTRY ELEMENTS (KOHA)
Source of classification or shelving scheme Dewey Decimal Classification
Koha item type Book
Holdings
Withdrawn status Lost status Source of classification or shelving scheme Damaged status Not for loan Home library Current library Date acquired Source of acquisition Inventory number Total Checkouts Full call number Barcode Date last seen Price effective from Koha item type
    Dewey Decimal Classification     Main Kihumuro Campus MUST Main Library 12/08/2022 Purchase 22/41921   620.1 AGA 2015 2022-7869 12/08/2022 12/08/2022 Book
    Dewey Decimal Classification     Main Kihumuro Campus MUST Main Library 12/08/2022 Purchase 22/41920   620.1 AGA 2015 2022-7870 12/08/2022 12/08/2022 Book